[Event "Karposh Open 2015"]
[Site "Skopje MKD"]
[Date "2015.03.28"]
[Round "3.36"]
[White "Arat, Ufuk Sezen"]
[Black "Grebstad, Kjell Borre"]
[Result "1-0"]
[WhiteElo "2361"]
[BlackElo "2009"]
[PlyCount "115"]
[EventDate "2015.03.27"]
[EventType "swiss"]
[EventRounds "9"]
[EventCountry "MKD"]
[Source "lmi"]
[SourceDate "2015.03.27"]

1. e4 e6 2. d3 d5 3. Nd2 c5 4. Ngf3 Nc6 5. g3 g6 6. Bg2 Bg7 7. O-O Nge7 8. Re1
O-O 9. c3 b6 10. h4 h6 11. e5 Qc7 12. Qe2 Bb7 13. Nf1 Rfd8 14. N1h2 Kh7 15. Ng4
Ng8 16. Bf4 Qe7 17. Kh2 b5 18. Kh1 d4 19. Kg1 Rd7 20. Ng5+ Kh8 21. h5 dxc3 22.
bxc3 b4 23. Be4 bxc3 24. hxg6 fxg6 25. Nf3 Nd4 26. Nxd4 cxd4 27. Bxg6 Bh1 28.
Kxh1 Rb8 29. Kg2 Rb2 30. Qf3 Qf8 31. Qc6 Qe7 32. Rh1 Rb6 33. Qe4 Qf8 34. Bg5 c2
35. Nf6 Rc7 36. Ne8 Rd7 37. Nf6 Rc7 38. Qxd4 Rb1 39. Bc1 Nxf6 40. exf6 Bxf6 41.
Rxh6+ Kg8 42. Bh7+ Rxh7 43. Rxf6 Qa8+ 44. f3 Qe8 45. Qg4+ Rg7 46. Rxe6 Qc8 47.
Qe4 Qd7 48. Qc4 Rf7 49. Rg6+ Kh7 50. Rh6+ Kg8 51. Qxc2 Qb7 52. Rg6+ Kh7 53. Rc6
Rb4 54. d4+ Kg8 55. Rg6+ Kf8 56. Ba3 Ke8 57. Qe2+ Kd7 58. Qe6+ 1-0

[Event "Karposh Open 2015"]
[Site "Skopje MKD"]
[Date "2015.03.28"]
[Round "3.37"]
[White "Dedebas, Emre Emin"]
[Black "Markoja, Boris"]
[Result "0-1"]
[WhiteElo "1980"]
[BlackElo "2353"]
[PlyCount "86"]
[EventDate "2015.03.27"]
[EventType "swiss"]
[EventRounds "9"]
[EventCountry "MKD"]
[Source "lmi"]
[SourceDate "2015.03.27"]

1. d4 Nf6 2. Nf3 e6 3. c4 c5 4. e3 cxd4 5. exd4 d5 6. Nc3 Be7 7. Bd3 dxc4 8.
Bxc4 O-O 9. O-O a6 10. a4 Nc6 11. Bg5 Nb4 12. Qe2 b6 13. Rfe1 Ra7 14. Rad1 Re8
15. Ne5 Nfd5 16. Bxe7 Raxe7 17. Bxd5 exd5 18. Qd2 Bf5 19. Ne2 a5 20. Ng3 Bc2
21. Rc1 f6 22. Nc6 Rxe1+ 23. Rxe1 Nxc6 24. Rxe8+ Qxe8 25. Qxc2 Nxd4 26. Qd1 Qe5
27. h3 Ne6 28. Qd3 g6 29. Qa6 Qd6 30. Qc8+ Kg7 31. Qb7+ Kh6 32. Qf7 Nd8 33. Qe8
Kg7 34. h4 Nf7 35. h5 d4 36. Ne4 Qe5 37. Qc6 f5 38. Nd2 Qe1+ 39. Nf1 Qb4 40.
Qd7 Qd6 41. h6+ Kf6 42. Qe8 d3 43. Qg8 d2 0-1

[Event "Karposh Open 2015"]
[Site "Skopje MKD"]
[Date "2015.03.28"]
[Round "3.38"]
[White "Marjanovic, Dejan"]
[Black "Kalofonos, Panayotis"]
[Result "1-0"]
[WhiteElo "2346"]
[BlackElo "1975"]
[PlyCount "61"]
[EventDate "2015.03.27"]
[EventType "swiss"]
[EventRounds "9"]
[EventCountry "MKD"]
[Source "lmi"]
[SourceDate "2015.03.27"]

1. d4 f5 2. Nc3 Nf6 3. Bg5 d5 4. e3 e6 5. Nf3 c5 6. Bb5+ Bd7 7. Bxd7+ Nbxd7 8.
O-O c4 9. Ne2 Bd6 10. Bxf6 Qxf6 11. b3 Nb6 12. a4 cxb3 13. cxb3 O-O 14. Qd3 a6
15. a5 Nd7 16. b4 g5 17. b5 g4 18. Nd2 Qh4 19. g3 Qh3 20. bxa6 bxa6 21. Rfc1
Nf6 22. Rc6 Ne4 23. Nf1 Rf6 24. Nf4 Bxf4 25. exf4 Rh6 26. Rac1 Kf7 27. Rb1 Ra7
28. Qc2 Ra8 29. Rb7+ Kf6 30. Rxe6+ Kxe6 31. Qc6+ 1-0

[Event "Karposh Open 2015"]
[Site "Skopje MKD"]
[Date "2015.03.28"]
[Round "3.39"]
[White "Exizoglou, Dimitrios"]
[Black "Perunovic, Milos"]
[Result "0-1"]
[WhiteElo "2122"]
[BlackElo "2632"]
[PlyCount "88"]
[EventDate "2015.03.27"]
[EventType "swiss"]
[EventRounds "9"]
[EventCountry "MKD"]
[Source "lmi"]
[SourceDate "2015.03.27"]

1. e4 c5 2. Nf3 Nc6 3. d4 cxd4 4. Nxd4 Qb6 5. Nb3 Nf6 6. Nc3 e6 7. Bd3 Be7 8.
O-O d6 9. Kh1 Qc7 10. f4 a6 11. a4 b6 12. Be3 Bb7 13. Qe2 O-O 14. Rae1 Nb4 15.
Bg1 Nd7 16. Nd2 Bf6 17. Nc4 Bxc3 18. bxc3 Nxd3 19. Qxd3 d5 20. exd5 Bxd5 21.
Ne3 Bc6 22. Qc4 Rfc8 23. Qa2 Nf6 24. f5 e5 25. c4 Rd8 26. Rd1 Qb7 27. c3 h5 28.
a5 h4 29. h3 Ne4 30. Rxd8+ Rxd8 31. Rd1 Rxd1 32. Nxd1 bxa5 33. Ne3 a4 34. Qa3
Qd7 35. Qb4 Ng3+ 36. Kh2 Nxf5 37. Nd5 Bxd5 38. cxd5 Qxd5 39. Qxa4 e4 40. Qxa6
Qe5+ 41. Kh1 e3 42. Qa8+ Kh7 43. Qa1 Ng3+ 44. Kh2 Ne4+ 0-1

[Event "Karposh Open 2015"]
[Site "Skopje MKD"]
[Date "2015.03.29"]
[Round "4.1"]
[White "Kazhgaleyev, Murtas"]
[Black "Tkachiev, Vladislav"]
[Result "1/2-1/2"]
[WhiteElo "2561"]
[BlackElo "2634"]
[PlyCount "32"]
[EventDate "2015.03.27"]
[EventType "swiss"]
[EventRounds "9"]
[EventCountry "MKD"]
[Source "lmi"]
[SourceDate "2015.03.27"]

1. d4 d5 2. Nf3 Nf6 3. c4 e6 4. Nc3 Be7 5. Bg5 h6 6. Bh4 O-O 7. e3 Ne4 8. Bxe7
Qxe7 9. Rc1 c6 10. Bd3 Nxc3 11. Rxc3 Nd7 12. O-O dxc4 13. Rxc4 e5 14. dxe5 Nxe5
15. Re4 Nxf3+ 16. Qxf3 Be6 1/2-1/2

[Event "Karposh Open 2015"]
[Site "Skopje MKD"]
[Date "2015.03.29"]
[Round "4.2"]
[White "Pancevski, Filip"]
[Black "Kozul, Zdenko"]
[Result "0-1"]
[WhiteElo "2485"]
[BlackElo "2630"]
[PlyCount "78"]
[EventDate "2015.03.27"]
[EventType "swiss"]
[EventRounds "9"]
[EventCountry "MKD"]
[Source "lmi"]
[SourceDate "2015.03.27"]

1. e4 c5 2. Nf3 e6 3. c3 Nf6 4. Bd3 Nc6 5. O-O d5 6. e5 c4 7. Bc2 Nd7 8. Re1 g5
9. d4 cxd3 10. Bxd3 h6 11. Bb5 Bg7 12. c4 O-O 13. Bxc6 bxc6 14. h3 Qc7 15. Qe2
a5 16. b3 Ba6 17. Nbd2 c5 18. Nf1 a4 19. Rb1 Rfb8 20. Ng3 dxc4 21. Qe3 cxb3 22.
axb3 Rxb3 23. Rxb3 axb3 24. Nh5 Qd8 25. Nxg7 Kxg7 26. h4 Nf8 27. hxg5 hxg5 28.
Qxb3 g4 29. Nh2 Qh4 30. Re4 Ng6 31. Rxg4 Qh5 32. Bg5 Be2 33. Bf6+ Kh7 34. f3
Ra1+ 35. Kf2 Qxh2 36. Qc2 Qg1+ 37. Kg3 Qe1+ 38. Kh2 Bxf3 39. Rh4+ Kg8 0-1

[Event "Karposh Open 2015"]
[Site "Skopje MKD"]
[Date "2015.03.29"]
[Round "4.3"]
[White "Arnaudov, G. Petar"]
[Black "Markus, Robert"]
[Result "1/2-1/2"]
[WhiteElo "2461"]
[BlackElo "2615"]
[PlyCount "58"]
[EventDate "2015.03.27"]
[EventType "swiss"]
[EventRounds "9"]
[EventCountry "MKD"]
[Source "lmi"]
[SourceDate "2015.03.27"]

1. d4 Nf6 2. c4 g6 3. Nc3 Bg7 4. e4 d6 5. h3 O-O 6. Nf3 Nc6 7. d5 Nb4 8. a3 Na6
9. Be3 e6 10. Bd3 c6 11. O-O cxd5 12. cxd5 exd5 13. exd5 Nc5 14. Bc2 Re8 15.
Qd2 Nfe4 16. Nxe4 Nxe4 17. Bxe4 Rxe4 18. Rae1 Bf5 19. Bg5 Qd7 20. Bh6 Bxh6 21.
Qxh6 f6 22. g4 Rxe1 23. Rxe1 Bxg4 24. hxg4 Qxg4+ 25. Kf1 Qxf3 26. Re7 Qd1+ 27.
Kg2 Qxd5+ 28. Kf1 Qd1+ 29. Kg2 Qd5+ 1/2-1/2

[Event "Karposh Open 2015"]
[Site "Skopje MKD"]
[Date "2015.03.29"]
[Round "4.4"]
[White "Kapnisis, Spyridon"]
[Black "Nabaty, Tamir"]
[Result "0-1"]
[WhiteElo "2455"]
[BlackElo "2590"]
[PlyCount "88"]
[EventDate "2015.03.27"]
[EventType "swiss"]
[EventRounds "9"]
[EventCountry "MKD"]
[Source "lmi"]
[SourceDate "2015.03.27"]

1. e4 c6 2. d4 d5 3. Nc3 dxe4 4. Nxe4 Bf5 5. Ng3 Bg6 6. h4 h6 7. Nf3 e6 8. Ne5
Bh7 9. Bd3 Bxd3 10. Qxd3 Nd7 11. f4 Bb4+ 12. c3 Be7 13. Bd2 c5 14. O-O-O Ngf6
15. d5 Nxe5 16. fxe5 Qxd5 17. Qb5+ Nd7 18. Bxh6 Qc6 19. Qxc6 bxc6 20. Bf4 Rxh4
21. Rxh4 Bxh4 22. Nh5 O-O-O 23. g3 Be7 24. Nxg7 Rh8 25. Rg1 Kd8 26. g4 Rg8 27.
Nh5 Bg5 28. Kc2 Bxf4 29. Nxf4 Nxe5 30. g5 Nf3 31. g6 Nxg1 32. gxf7 Rf8 33.
Nxe6+ Ke7 34. Nxf8 Kxf8 35. Kd3 Kxf7 36. Kc4 Ke6 37. Kxc5 Kd7 38. b4 Ne2 39. b5
Nxc3 40. bxc6+ Kc7 41. a3 Ne4+ 42. Kb5 Nd6+ 43. Ka6 Nc8 44. Kb5 Ne7 0-1

[Event "Karposh Open 2015"]
[Site "Skopje MKD"]
[Date "2015.03.29"]
[Round "4.5"]
[White "Drazic, Sinisa"]
[Black "Vocaturo, Daniele"]
[Result "1-0"]
[WhiteElo "2439"]
[BlackElo "2579"]
[PlyCount "115"]
[EventDate "2015.03.27"]
[EventType "swiss"]
[EventRounds "9"]
[EventCountry "MKD"]
[Source "lmi"]
[SourceDate "2015.03.27"]

1. e4 e6 2. d4 d5 3. exd5 exd5 4. Nf3 Nf6 5. Bd3 c5 6. dxc5 Bxc5 7. O-O O-O 8.
Nbd2 Nc6 9. Nb3 Bb6 10. Re1 Bg4 11. h3 Bh5 12. Be3 Re8 13. Bxb6 Qxb6 14. g4 Bg6
15. Bxg6 hxg6 16. Qd2 Re4 17. Kg2 Rae8 18. Ng5 R4e5 19. Rxe5 Rxe5 20. Nf3 Ne4
21. Qe3 Qxe3 22. fxe3 Re7 23. Rd1 Nb4 24. Nbd4 Nd6 25. Kf2 Nc4 26. b3 Nd6 27.
a3 Ne4+ 28. Ke1 Nc6 29. Ne2 Nf6 30. g5 Nd7 31. Rxd5 Nb6 32. Rd3 Nd7 33. Kf2 Nc5
34. Rd5 Ne4+ 35. Kg2 f6 36. h4 Kf7 37. b4 Nb8 38. Rd8 Nd7 39. Nf4 Nb6 40. h5
Rc7 41. hxg6+ Ke7 42. Rg8 Rxc2+ 43. Kh3 fxg5 44. Rxg7+ Kd6 45. Nd4 Rc8 46. Nb5+
Ke5 47. Re7+ Kf6 48. Re6+ Kg7 49. Re7+ Kf6 50. Rf7+ Ke5 51. Nd3+ Kd5 52. g7 Rg8
53. Nc7+ Kd6 54. Nc5 g4+ 55. Kxg4 Nc3 56. Kf5 Nc4 57. Nxb7+ Kc6 58. Na5+ 1-0

[Event "Karposh Open 2015"]
[Site "Skopje MKD"]
[Date "2015.03.29"]
[Round "4.6"]
[White "Ivanisevic, Ivan"]
[Black "Tosic, Miroslav"]
[Result "1-0"]
[WhiteElo "2638"]
[BlackElo "2413"]
[PlyCount "97"]
[EventDate "2015.03.27"]
[EventType "swiss"]
[EventRounds "9"]
[EventCountry "MKD"]
[Source "lmi"]
[SourceDate "2015.03.27"]

1. d4 Nf6 2. c4 d6 3. Nc3 Nbd7 4. Bg5 c6 5. Nf3 e5 6. Qc2 Be7 7. e3 O-O 8. Be2
exd4 9. Nxd4 Nc5 10. Bh4 Nfe4 11. Bxe7 Qxe7 12. Nxe4 Qxe4 13. Qxe4 Nxe4 14. O-O
Rd8 15. Rfd1 a5 16. Rac1 Kf8 17. h3 g6 18. Rc2 Ke7 19. Bf3 Nc5 20. Bxc6 bxc6
21. Nxc6+ Ke8 22. Nxd8 Kxd8 23. Rxd6+ Bd7 24. f3 Kc7 25. Rd4 Be6 26. Kf2 Rb8
27. e4 g5 28. Ke3 h5 29. Rcd2 h4 30. Rc2 Na6 31. b3 Nb4 32. Rb2 Nc6 33. Rdd2
Kb6 34. Kd3 Kc5 35. a3 Ne5+ 36. Kc3 Nc6 37. Rd1 Rb7 38. Ra1 Ne5 39. Rd2 Rb8 40.
b4+ Kc6 41. Rd4 Ra8 42. b5+ Kc5 43. Rad1 Re8 44. a4 Kb6 45. Rd6+ Kc5 46. R1d5+
Bxd5 47. Rxd5+ Kb6 48. Kd4 Ng6 49. Rd7 1-0

[Event "Karposh Open 2015"]
[Site "Skopje MKD"]
[Date "2015.03.29"]
[Round "4.7"]
[White "Georgiev, Kiril"]
[Black "Saduakassova, Dinara"]
[Result "1-0"]
[WhiteElo "2623"]
[BlackElo "2398"]
[PlyCount "159"]
[EventDate "2015.03.27"]
[EventType "swiss"]
[EventRounds "9"]
[EventCountry "MKD"]
[Source "lmi"]
[SourceDate "2015.03.27"]

1. Nf3 Nf6 2. c4 g6 3. Nc3 d5 4. cxd5 Nxd5 5. Qb3 Nb6 6. d4 Bg7 7. e4 O-O 8.
Be3 Bg4 9. Rd1 a5 10. Be2 a4 11. Qc2 Nc6 12. Nb5 Nb4 13. Qb1 f5 14. O-O c6 15.
Nc3 e6 16. Ng5 Bxe2 17. Nxe2 Qe7 18. a3 Nc4 19. Bc1 Na6 20. Qc2 b5 21. Rfe1
Rfe8 22. h4 h6 23. Nf3 Qf7 24. Nf4 Rad8 25. Nd3 Qa7 26. Nde5 Nxe5 27. dxe5 Qc5
28. Qe2 Qc4 29. Qxc4 bxc4 30. exf5 Rxd1 31. Rxd1 exf5 32. Rd6 Nc5 33. Rxc6 Nd3
34. Rxc4 Bxe5 35. Bxh6 Nxb2 36. Nxe5 Rxe5 37. Rc6 Kf7 38. Kh2 Nd3 39. Rc2 Rb5
40. f3 Rb3 41. Rc7+ Ke6 42. Bf8 Rb2 43. Re7+ Kd5 44. Rd7+ Kc4 45. Bg7 Rd2 46.
Rd6 Kb3 47. Bf8 Ka2 48. Rd4 Kb3 49. Kg3 Kc2 50. Rd6 f4+ 51. Kh2 Kb3 52. Rxg6
Ne5 53. Rb6+ Ka2 54. Rf6 Nxf3+ 55. Kh3 Nxh4 56. Kxh4 Rxg2 57. Rxf4 Rg8 58. Be7
Rg7 59. Rf2+ Kb3 60. Rf3+ Ka2 61. Bb4 Rg8 62. Rf7 Kb3 63. Kh5 Ka2 64. Kh6 Rg3
65. Rf2+ Kb3 66. Kh7 Rg5 67. Bf8 Rg4 68. Rf3+ Ka2 69. Bg7 Rg5 70. Kg8 Rb5 71.
Bf8 Rb7 72. Bb4 Kb2 73. Kf8 Ka2 74. Ke8 Kb2 75. Kd8 Ka2 76. Kc8 Rh7 77. Bd6 Kb2
78. Rf4 Rh6 79. Kc7 Rh7+ 80. Kc6 1-0

[Event "Karposh Open 2015"]
[Site "Skopje MKD"]
[Date "2015.03.29"]
[Round "4.8"]
[White "Fier, Alexandr"]
[Black "Enchev, Ivajlo"]
[Result "1-0"]
[WhiteElo "2601"]
[BlackElo "2395"]
[PlyCount "123"]
[EventDate "2015.03.27"]
[EventType "swiss"]
[EventRounds "9"]
[EventCountry "MKD"]
[Source "lmi"]
[SourceDate "2015.03.27"]

1. d4 d5 2. c4 c6 3. Nc3 Nf6 4. e3 e6 5. Nf3 Nbd7 6. Bd3 dxc4 7. Bxc4 b5 8. Bd3
Bd6 9. O-O O-O 10. Bd2 Bb7 11. Rc1 Qb6 12. e4 e5 13. dxe5 Nxe5 14. Be3 Nxf3+
15. Qxf3 Qd8 16. Qe2 Re8 17. f3 a6 18. Qf2 c5 19. Ne2 Bxh2+ 20. Kxh2 Qxd3 21.
Rfd1 Nxe4 22. fxe4 Qxe4 23. Rd7 Qxg2+ 24. Qxg2 Bxg2 25. Kxg2 Rxe3 26. Ng3 c4
27. Rf1 Rf8 28. Nf5 Rd3 29. Ra7 Rd2+ 30. Rf2 Rxf2+ 31. Kxf2 g6 32. Nd6 Rd8 33.
Rxa6 Kg7 34. Ke2 h5 35. Nxb5 h4 36. Rc6 Rd5 37. a4 h3 38. Rxc4 h2 39. Rc1 Rg5
40. Kf2 Rg4 41. b3 Rb4 42. Kg2 Rxb3 43. Kxh2 Rb2+ 44. Kg3 Ra2 45. Nc3 Rb2 46.
Kf4 Kf6 47. Ra1 Rb4+ 48. Ke3 Ke6 49. a5 Kd6 50. a6 Rb8 51. a7 Ra8 52. Kd4 Kc6
53. Kc4 Kb7 54. Nb5 g5 55. Kc5 Rc8+ 56. Kd6 Ra8 57. Rb1 Rd8+ 58. Ke7 Rh8 59.
Kd7 f5 60. Ra1 Rh7+ 61. Kd6 Rh6+ 62. Ke5 1-0

[Event "Karposh Open 2015"]
[Site "Skopje MKD"]
[Date "2015.03.29"]
[Round "4.9"]
[White "Codenotti, Marco"]
[Black "Zelcic, Robert"]
[Result "1/2-1/2"]
[WhiteElo "2385"]
[BlackElo "2553"]
[PlyCount "132"]
[EventDate "2015.03.27"]
[EventType "swiss"]
[EventRounds "9"]
[EventCountry "MKD"]
[Source "lmi"]
[SourceDate "2015.03.27"]

1. e4 c6 2. d4 d5 3. Nd2 dxe4 4. Nxe4 Bf5 5. Ng3 Bg6 6. h4 h6 7. Nf3 e6 8. Ne5
Bh7 9. Bd3 Bxd3 10. Qxd3 Nd7 11. f4 Bb4+ 12. Bd2 Bxd2+ 13. Qxd2 Nxe5 14. fxe5
f5 15. O-O-O Qd5 16. Kb1 O-O-O 17. Nh5 Ne7 18. Nf4 Qd7 19. h5 Nd5 20. Nd3 Qe7
21. c4 Nc7 22. Nf4 Rhe8 23. Rh3 Rd7 24. Rd3 Red8 25. Qa5 Kb8 26. Ra3 Na6 27. d5
exd5 28. e6 Rc7 29. cxd5 cxd5 30. Rxd5 Rdc8 31. Rc3 Qh4 32. Qa4 Rxc3 33. bxc3
Nc5 34. Qd4 Qe1+ 35. Kc2 Nxe6 36. Nxe6 Qxe6 37. Qe5+ Qxe5 38. Rxe5 a6 39. Rxf5
Rc4 40. Rf7 Rg4 41. Kb3 Rxg2 42. c4 Rg5 43. Kb4 a5+ 44. Kc3 Ka7 45. a4 Kb6 46.
Kd4 Kc6 47. Re7 Rxh5 48. Rxg7 Rh4+ 49. Kc3 Kb6 50. Rf7 h5 51. Rf6+ Ka7 52. Rf5
Rh3+ 53. Kb2 Kb6 54. Rb5+ Ka6 55. Rf5 h4 56. Rf6+ Ka7 57. Rh6 Rh1 58. Ka2 h3
59. Kb2 h2 60. Rh3 Kb6 61. Rh6+ Kc5 62. Rh7 Kxc4 63. Rh4+ Kd3 64. Rh3+ Kd2 65.
Rh8 b6 66. Rh7 Ke3 1/2-1/2

[Event "Karposh Open 2015"]
[Site "Skopje MKD"]
[Date "2015.03.29"]
[Round "4.10"]
[White "Pavlidis, Antonios"]
[Black "Mazi, Leon"]
[Result "0-1"]
[WhiteElo "2539"]
[BlackElo "2382"]
[PlyCount "68"]
[EventDate "2015.03.27"]
[EventType "swiss"]
[EventRounds "9"]
[EventCountry "MKD"]
[Source "lmi"]
[SourceDate "2015.03.27"]

1. e4 e5 2. Nf3 Nc6 3. Bb5 a6 4. Ba4 Nf6 5. O-O Be7 6. Re1 b5 7. Bb3 d6 8. c3
O-O 9. h3 Nb8 10. d4 Nbd7 11. Nbd2 Bb7 12. Bc2 Re8 13. b3 exd4 14. cxd4 c5 15.
Bb2 cxd4 16. Nxd4 Bf8 17. f4 Qb6 18. Kh1 Rac8 19. Qf3 Nc5 20. Rac1 Ncxe4 21.
Nxe4 Nxe4 22. Bxe4 Rxc1 23. Bxh7+ Kxh7 24. Qh5+ Kg8 25. Rxc1 Qa5 26. Qd1 Re4
27. f5 Qd8 28. Qd2 Qe8 29. f6 g6 30. Kg1 Re3 31. Qf2 Qe4 32. Rf1 Bh6 33. Qc2
Rd3 34. Nf3 Rxf3 0-1

[Event "Karposh Open 2015"]
[Site "Skopje MKD"]
[Date "2015.03.29"]
[Round "4.11"]
[White "Blagojevic, Dragisa"]
[Black "Arat, Ufuk Sezen"]
[Result "1/2-1/2"]
[WhiteElo "2522"]
[BlackElo "2361"]
[PlyCount "69"]
[EventDate "2015.03.27"]
[EventType "swiss"]
[EventRounds "9"]
[EventCountry "MKD"]
[Source "lmi"]
[SourceDate "2015.03.27"]

1. d4 Nf6 2. c4 g6 3. Nf3 Bg7 4. g3 O-O 5. Bg2 c5 6. Nc3 cxd4 7. Nxd4 Nc6 8.
O-O Qa5 9. Nc2 d6 10. Bd2 Qh5 11. e4 Bg4 12. f3 Bh3 13. Ne3 Bxg2 14. Kxg2 Qc5
15. Rb1 a6 16. b4 Qa7 17. Ned5 Nxd5 18. Nxd5 b5 19. Be3 Qb7 20. Rc1 Rfe8 21.
Rf2 e6 22. Nb6 Rad8 23. Rd2 Bd4 24. Bxd4 Nxd4 25. Rxd4 Qxb6 26. Qd2 bxc4 27.
Rcxc4 d5 28. exd5 Rxd5 29. Rxd5 exd5 30. Qxd5 Re2+ 31. Kh3 Qg1 32. Rc7 Rxh2+
33. Kg4 h5+ 34. Kf4 Rh4+ 35. gxh4 1/2-1/2

[Event "Karposh Open 2015"]
[Site "Skopje MKD"]
[Date "2015.03.29"]
[Round "4.12"]
[White "Mastrovasilis, Athanasios"]
[Black "Potpara, Nikola"]
[Result "1/2-1/2"]
[WhiteElo "2506"]
[BlackElo "2353"]
[PlyCount "126"]
[EventDate "2015.03.27"]
[EventType "swiss"]
[EventRounds "9"]
[EventCountry "MKD"]
[Source "lmi"]
[SourceDate "2015.03.27"]

1. d4 Nf6 2. Nf3 e6 3. e3 b6 4. Bd3 Bb7 5. O-O Be7 6. c4 O-O 7. Nc3 d5 8. cxd5
exd5 9. b3 Nbd7 10. Bb2 Re8 11. Qc2 a6 12. Rac1 Bd6 13. Ne2 Rc8 14. Ng3 Ne4 15.
Rfd1 Ndf6 16. Qe2 Bxg3 17. hxg3 Ng4 18. Bxe4 dxe4 19. Ne5 Nxe5 20. dxe5 Qe7 21.
Qg4 Rcd8 22. Rxd8 Rxd8 23. e6 fxe6 24. Bxg7 Qxg7 25. Qxg7+ Kxg7 26. Rxc7+ Kf6
27. Rxb7 b5 28. a4 bxa4 29. bxa4 Rd1+ 30. Kh2 Rd2 31. Rxh7 Rxf2 32. Rh4 Ke5 33.
Rh5+ Kf6 34. Rh4 Ke5 35. Rh5+ Kf6 36. g4 Re2 37. Kg3 Rxe3+ 38. Kf4 Ra3 39. Ra5
e3 40. Kf3 Ra2 41. Kxe3 Rxg2 42. Kf3 Ra2 43. Rxa6 Ra1 44. Ra5 e5 45. Ra8 Rf1+
46. Kg2 Ra1 47. a5 Ra3 48. a6 e4 49. Kf2 Kg7 50. Ke2 Kh7 51. Kd2 Kg7 52. g5 Kh7
53. a7 Rd3+ 54. Kc2 Ra3 55. Kb2 Ra6 56. Kc3 e3 57. Kd3 Ra3+ 58. Ke2 Kg7 59. g6
Ra2+ 60. Kxe3 Ra3+ 61. Kd4 Ra4+ 62. Kc5 Ra1 63. Kb6 Rb1+ 1/2-1/2

[Event "Karposh Open 2015"]
[Site "Skopje MKD"]
[Date "2015.03.29"]
[Round "4.13"]
[White "Markoja, Boris"]
[Black "Leniart, Arkadiusz"]
[Result "1/2-1/2"]
[WhiteElo "2353"]
[BlackElo "2488"]
[PlyCount "45"]
[EventDate "2015.03.27"]
[EventType "swiss"]
[EventRounds "9"]
[EventCountry "MKD"]
[Source "lmi"]
[SourceDate "2015.03.27"]

1. c4 e6 2. g3 d5 3. Bg2 d4 4. Nf3 c5 5. O-O Nc6 6. d3 g6 7. e3 Bg7 8. exd4
cxd4 9. Re1 Nf6 10. Nbd2 O-O 11. a3 a5 12. Rb1 a4 13. b4 axb3 14. Nxb3 Nd7 15.
Nfd2 Qe7 16. Qc2 Nb6 17. Nc5 Qxc5 18. Rb5 Nb4 19. axb4 Qc7 20. Nb3 Nd7 21. Nc5
Nxc5 22. Rxc5 Qd8 23. Rb5 1/2-1/2

[Event "Karposh Open 2015"]
[Site "Skopje MKD"]
[Date "2015.03.29"]
[Round "4.14"]
[White "Drenchev, Petar"]
[Black "Marjanovic, Dejan"]
[Result "1-0"]
[WhiteElo "2486"]
[BlackElo "2346"]
[PlyCount "91"]
[EventDate "2015.03.27"]
[EventType "swiss"]
[EventRounds "9"]
[EventCountry "MKD"]
[Source "lmi"]
[SourceDate "2015.03.27"]

1. Nf3 e6 2. c4 f5 3. g3 Nf6 4. Bg2 Be7 5. d4 O-O 6. Nc3 d6 7. O-O Ne4 8. Qc2
Nxc3 9. Qxc3 a5 10. b3 Nc6 11. Bb2 Bf6 12. Rad1 Qe8 13. Qd2 e5 14. d5 Nd8 15.
Ne1 b6 16. a3 Nf7 17. f4 Qe7 18. Nf3 Bd7 19. Rfe1 Rae8 20. e3 g5 21. Qc1 Kh8
22. Qa1 Rg8 23. Bc3 Rg6 24. Kh1 h5 25. b4 axb4 26. axb4 Kg7 27. fxg5 Bxg5 28.
Qa7 h4 29. gxh4 Bxh4 30. Re2 Bf6 31. Qxc7 Rc8 32. Qxb6 Rxc4 33. Be1 Rh6 34. Bg3
Rg4 35. Kg1 e4 36. Nd4 Be5 37. Qb7 Kf8 38. Nc6 Nd8 39. Nxe7 Nxb7 40. Nc6 Bxg3
41. hxg3 Rxg3 42. Ra1 Rg7 43. Ra8+ Be8 44. Nd4 Rf7 45. Rb8 Rd7 46. Rc2 1-0

[Event "Karposh Open 2015"]
[Site "Skopje MKD"]
[Date "2015.03.29"]
[Round "4.15"]
[White "Maksimovic, Branimir"]
[Black "Kuzmicz, Krystian"]
[Result "1/2-1/2"]
[WhiteElo "2339"]
[BlackElo "2485"]
[PlyCount "32"]
[EventDate "2015.03.27"]
[EventType "swiss"]
[EventRounds "9"]
[EventCountry "MKD"]
[Source "lmi"]
[SourceDate "2015.03.27"]

1. d4 g6 2. c4 Bg7 3. Nf3 c5 4. d5 d6 5. e4 e6 6. Be2 Ne7 7. Nc3 exd5 8. cxd5
O-O 9. O-O h6 10. Nd2 Nd7 11. a4 f5 12. Nc4 Nb6 13. Na3 Nd7 14. Nc4 Nb6 15. Na3
Nd7 16. Nc4 Nb6 1/2-1/2

[Event "Karposh Open 2015"]
[Site "Skopje MKD"]
[Date "2015.03.29"]
[Round "4.16"]
[White "Miron, Lucian-costin"]
[Black "Emiroglu, Cankut"]
[Result "1-0"]
[WhiteElo "2485"]
[BlackElo "2338"]
[PlyCount "135"]
[EventDate "2015.03.27"]
[EventType "swiss"]
[EventRounds "9"]
[EventCountry "MKD"]
[Source "lmi"]
[SourceDate "2015.03.27"]

1. d4 Nf6 2. c4 e6 3. Nc3 Bb4 4. e3 Bxc3+ 5. bxc3 d6 6. Bd3 e5 7. e4 c5 8. Ne2
Nc6 9. d5 Ne7 10. h4 h6 11. f3 Bd7 12. g4 Qa5 13. Be3 Rb8 14. Kf2 b5 15. cxb5
Bxb5 16. Rb1 Rb6 17. Bxb5+ Rxb5 18. Rxb5 Qxb5 19. Qb3 Qxb3 20. axb3 Kd7 21. Ra1
Ra8 22. b4 cxb4 23. cxb4 Nc8 24. Ng3 Rb8 25. Bd2 Rb7 26. Nf5 Ne8 27. Ke2 Ne7
28. Ng3 Ng6 29. h5 Ne7 30. Kd3 f6 31. Kc4 Nc7 32. Be3 a6 33. f4 exf4 34. Bxf4
Rb8 35. Ne2 Rc8 36. Kd3 Rb8 37. Kc4 Rc8 38. Kd3 Rb8 39. Bd2 Kc8 40. Nd4 Kb7 41.
Bf4 Rd8 42. Rc1 Rd7 43. Nc6 Nb5 44. Nxe7 Rxe7 45. Rc6 Rd7 46. Be3 Rc7 47. Rb6+
Kc8 48. Rxa6 Rc3+ 49. Kd2 Rc4 50. Ra8+ Kb7 51. Rg8 Rc7 52. Kd3 Rd7 53. Bf4 Na3
54. Re8 Nb5 55. Re6 Kb6 56. e5 Nc7 57. Rxd6+ Rxd6 58. exd6 Nxd5 59. Ke4 Nxb4
60. d7 Nc6 61. Kd5 Nd8 62. Kd6 Nb7+ 63. Ke7 Kc6 64. d8=Q Nxd8 65. Kxd8 Kd5 66.
Ke7 Ke4 67. Bxh6 gxh6 68. Kxf6 1-0

[Event "Karposh Open 2015"]
[Site "Skopje MKD"]
[Date "2015.03.29"]
[Round "4.17"]
[White "Kosic, Dragan"]
[Black "Akhmetov, Ayan"]
[Result "1-0"]
[WhiteElo "2478"]
[BlackElo "2335"]
[PlyCount "83"]
[EventDate "2015.03.27"]
[EventType "swiss"]
[EventRounds "9"]
[EventCountry "MKD"]
[Source "lmi"]
[SourceDate "2015.03.27"]

1. d4 Nf6 2. Nf3 e6 3. Bf4 c5 4. e3 cxd4 5. exd4 b6 6. a4 a6 7. Nbd2 Bb7 8. Bd3
Be7 9. h3 O-O 10. O-O d6 11. Re1 Nbd7 12. Bg3 Qc7 13. c4 Rfe8 14. Rc1 Bf8 15.
c5 bxc5 16. dxc5 e5 17. cxd6 Qxd6 18. Nc4 Qd5 19. Ncxe5 Nxe5 20. Rxe5 Rxe5 21.
Bxe5 Rd8 22. Bxf6 gxf6 23. Be2 Qa5 24. Qb3 Bd5 25. Bc4 Bxf3 26. Qxf3 Qd2 27.
Rf1 Qxb2 28. Qg3+ Kh8 29. Qc7 Qd4 30. Qxf7 Bd6 31. Bd3 Qh4 32. Bxa6 Qf4 33. g3
Qg5 34. Bd3 Qh6 35. Bf5 Rg8 36. Kg2 Rg7 37. Qe8+ Rg8 38. Qd7 Be5 39. a5 Rg7 40.
Qd3 Ra7 41. Qd8+ Kg7 42. Rd1 1-0

[Event "Karposh Open 2015"]
[Site "Skopje MKD"]
[Date "2015.03.29"]
[Round "4.18"]
[White "Koksal, Ege"]
[Black "Nedev, Trajko"]
[Result "1-0"]
[WhiteElo "2339"]
[BlackElo "2470"]
[PlyCount "69"]
[EventDate "2015.03.27"]
[EventType "swiss"]
[EventRounds "9"]
[EventCountry "MKD"]
[Source "lmi"]
[SourceDate "2015.03.27"]

1. d4 Nf6 2. Bg5 Ne4 3. Bf4 c5 4. f3 Nf6 5. d5 Nh5 6. Be3 e5 7. Nd2 d6 8. Bf2
f5 9. e4 g6 10. Bb5+ Nd7 11. Ne2 a6 12. Bd3 Ndf6 13. c4 a5 14. exf5 Bxf5 15.
Qc2 Bxd3 16. Qxd3 Be7 17. O-O O-O 18. Be3 Nd7 19. Ne4 Nf4 20. Qd2 Nxe2+ 21.
Qxe2 a4 22. Rf2 Qb6 23. Raf1 Rae8 24. Qc2 Qa6 25. f4 b5 26. f5 gxf5 27. Rxf5
bxc4 28. Qe2 Rxf5 29. Rxf5 Nf8 30. Qh5 Ng6 31. Rf7 Nf8 32. Bh6 Qa5 33. Rxf8+
Bxf8 34. Nf6+ Kh8 35. Bd2 1-0